Central Library OPAC University of Rajshahi

The history of the World-conqueror / (Record no. 25838)

MARC details
000 -LEADER
fixed length control field 01232cam a22003132i 4500
001 - CONTROL NUMBER
control field 25838
003 - CONTROL NUMBER IDENTIFIER
rucl marc code BD-RjUL
005 - DATE AND TIME OF LATEST TRANSACTION
control field 20211209050932.0
008 - FIXED-LENGTH DATA ELEMENTS--GENERAL INFORMATION
fixed length control field 140319s1958 - abfj 000 0beng d
035 ## - SYSTEM CONTROL NUMBER
System control number (BD-RjUL)25908
040 ## - CATALOGING SOURCE
Original cataloging agency DLC
Transcribing agency VVB
Modifying agency VVB
-- UKM
-- BD-RjUL
Language of cataloging eng
041 1# - LANGUAGE CODE
Language code of text/sound track or separate title engper
082 ## - DEWEY DECIMAL CLASSIFICATION NUMBER
Classification number 950
Edition number 18
Author mark and year JUH 1958
090 ## - LOCALLY ASSIGNED LC-TYPE CALL NUMBER (OCLC); LOCAL CALL NUMBER (OCLC)
Classification number (OCLC) (R) ; Classification number, CALL (RLIN) (NR) DS22
Local cutter number (OCLC) ; Book number/undivided call number, CALL (RLIN) .J613
100 1# - MAIN ENTRY--PERSONAL NAME
Personal name Juveynī, ʿAlāʼ al-Dīn ʿAṭā Malek,
Dates associated with a name 1226-1283.
9 (RLIN) 79389
245 14 - TITLE STATEMENT
Title The history of the World-conqueror /
Statement of responsibility, etc. by ʿAla-ad-Din ʿAta-Malik Juvaini. Translated from the text of Mirza Muhammad Qazvini by John Andrew Boyle
Number of part/section of a work Volume I
260 ## - PUBLICATION, DISTRIBUTION, ETC. (IMPRINT)
Place of publication, distribution, etc. Manchester :
Name of publisher, distributor, etc. Manchester University Press,
Date of publication, distribution, etc. c1958.
300 ## - PHYSICAL DESCRIPTION
Pagination xlv, 361 p. :
Illustrations plates, fold, maps, geneal. tables ;
Size 23 cm
490 1# - SERIES STATEMENT
Series statement UNESCO collection of representative works. Persian series
500 ## - GENERAL NOTE
General note Translated from Persian. (Transliterated : Tarīkh-e Jahāngoshā)
504 ## - BIBLIOGRAPHY, ETC. NOTE
Bibliography, etc Bibliography: v. 1, p. xxxix-xiv
600 00 - SUBJECT ADDED ENTRY--PERSONAL NAME
Personal name Genghis Khan,
Dates associated with a name 1162-1227.
650 ## - SUBJECT ADDED ENTRY--TOPICAL TERM
Topical term or geographic name as entry element Genghis Khan,
9 (RLIN) 79391
700 1# - ADDED ENTRY--PERSONAL NAME
Personal name Boyle, John Andrew.
830 #0 - SERIES ADDED ENTRY--UNIFORM TITLE
Uniform title UNESCO collection of representative works.
942 ## - ADDED ENTRY ELEMENTS (KOHA)
Source of classification or shelving scheme Dewey Decimal Classification
Koha item type Books
Holdings
Lost status Source of classification or shelving scheme Materials specified (bound volume or other part) Damaged status Not for loan Collection code Permanent Location Current Location Shelving location Date acquired Source of acquisition Cost, normal purchase price Total Checkouts Full call number Date last seen Date checked out Copy number Koha item type
  Dewey Decimal Classification V-1     Non-fiction Central Library, University of Rajshahi Central Library, University of Rajshahi   10/08/1964 Zeitlinger 80.00 1 950 JUH 1958 05/06/2018 13/05/2018 C-3 Books